|
|
|
|
| LEADER |
00000naa2a2200000 4500 |
| 001 |
209538 |
| 005 |
20231227125312.0 |
| 035 |
|
|
|a (RuTPU)RU\TPU\book\228873
|
| 090 |
|
|
|a 209538
|
| 100 |
|
|
|a 20120213d2004 k y0rusy50 ca
|
| 101 |
0 |
|
|a rus
|
| 102 |
|
|
|a RU
|
| 200 |
1 |
|
|a Влияние температуры заливки на формирование структуры и свойств пятикомпонентной свинцовооловянистой бронзы отлитой центробежным способом
|f А. В. Корчмит, Ю. П. Егоров
|
| 320 |
|
|
|a Библиогр.: 6 назв.
|
| 463 |
|
0 |
|0 (RuTPU)RU\TPU\book\76121
|t Современные проблемы машиностроения
|o труды II Международной научно-технической конференции, Томск, 8-10 декабря 2004 г.
|f Томский политехнический университет
|v С. 83-87
|d 2004
|p 594 с.
|
| 610 |
1 |
|
|a заливка
|
| 610 |
1 |
|
|a температура
|
| 610 |
1 |
|
|a бронза
|
| 610 |
1 |
|
|a свинцовооловянистая бронза
|
| 610 |
1 |
|
|a центробежный способ
|
| 610 |
1 |
|
|a микроструктура
|
| 610 |
1 |
|
|a труды учёных ТПУ
|
| 700 |
|
1 |
|a Корчмит
|b А. В.
|
| 701 |
|
1 |
|a Егоров
|b Ю. П.
|c специалист в области машиностроения
|c заведующий лабораторией Томского политехнического университета, кандидат технических наук
|f 1948-
|g Юрий Петрович
|3 (RuTPU)RU\TPU\pers\26535
|9 12229
|
| 801 |
|
1 |
|a RU
|b 63413507
|c 20120213
|
| 942 |
|
|
|c BK
|